La guía de ciudades del mundo: Nueva York
Saved in:
| Format: | Bog |
|---|---|
| Sprog: | spansk |
| Udgivet: |
Ciudad de México
Grupo Planeta DeAgostini
2005
|
| Udgivelse: | 1a. ed |
| Fag: | |
| Tags: |
Tilføj Tag
Ingen Tags, Vær først til at tagge denne postø!
|
MARC
| LEADER | 00000nam a2200000 a 4500 | ||
|---|---|---|---|
| 001 | UCK9033 | ||
| 003 | CL-VaPUC | ||
| 008 | 060413e20050000mx |||||||||||||||||spa|d | ||
| 020 | |a 8467410639 | ||
| 082 | 0 | 4 | |a 708.4 |b GUI |2 21 |
| 245 | 1 | 3 | |a La guía de ciudades del mundo: Nueva York |
| 250 | |a 1a. ed | ||
| 300 | |a 48 p | ||
| 942 | |c BK | ||
| 945 | |d 20060413 00:00:00 |a jtorresc | ||
| 260 | |a Ciudad de México |b Grupo Planeta DeAgostini |c 2005 | ||
| 500 | |a Incluye un DVD: Nueva York. Español- Italiano. 40 min. aprox. | ||
| 650 | 0 | |a Historia |9 255047 | |
| 650 | 0 | |a Arquitectura |9 804558 | |
| 650 | 0 | |a Desarrollo cultural |9 267526 | |
| 650 | 0 | |a Costumbres y tradiciones |9 268292 | |
| 650 | 7 | |a LUGARES DE INTERES |2 CL-VaPUC |9 496750 | |
| 650 | 0 | |a Monumentos |9 265246 | |
| 650 | 0 | |a Edificios históricos |9 266858 | |
| 650 | 7 | |a GALERIAS DE ARTE |2 CL-VaPUC |9 498785 | |
| 650 | 0 | |a Escultura |9 265737 | |
| 583 | |a last modification |c 20171017 11:47:16 |k Rodrigo Vera | ||
| 999 | |c 316381 |d 316379 | ||
| 952 | |0 0 |1 0 |4 0 |6 708_400000000000000_GUI_2005 |7 0 |8 F |9 390721 |a BIBING |b BIBING |d 2019-11-22 |i 4173619 |o 708.4 GUI 2005 |p 4173619 |r 2023-03-02 |w 2019-11-22 |y BK_F |k ING | ||